[Event "SRI-chB"]
[Site "Maharaga"]
[Date "2020.03.06"]
[Round "1.14"]
[White "Fernando, T Upul Sampath"]
[Black "Randil, Lakshita"]
[Result "0-1"]
[WhiteElo "1442"]
[BlackElo "1945"]
[PlyCount "62"]
[EventDate "2020.03.06"]
[EventType "swiss"]
[EventRounds "11"]
[EventCountry "SRI"]
[SourceTitle "CBM 195 Extra"]
[Source "ChessBase"]
[SourceDate "2020.05.31"]
[SourceVersion "1"]
[SourceVersionDate "2020.05.31"]
[SourceQuality "1"]

1. e4 e5 2. f4 Bc5 3. Nf3 d6 4. Bc4 Nf6 5. Nc3 Nc6 6. Na4 Bb6 7. Nxb6 axb6 8. 0-0 Qe7 9. Kh1 Bg4 10. h3 Be6 11. Bxe6 Qxe6 12. f5 Qe7 13. d3 h6 14. c3 Rd8 15. Qe2 d5 16. Bd2 dxe4 17. dxe4 Qd7 18. Qe1 Qd3 19. Qg3 Kf8 20. Rae1 Nxe4 21. Rxe4 Qxe4 22. Re1 Qxf5 23. Nh4 Qc2 24. Rf1 Qxd2 25. Rxf7+ Kxf7 26. Qg6+ Kf8 27. Qf5+ Ke8 28. Qg6+ Kd7 29. Qf5+ Kd6 30. Nf3 Qc1+ 31. Kh2 Qf4+ 0-1

[Event "Ambalangoda Dhamso op 5th"]
[Site "Ambalangoda"]
[Date "2015.05.30"]
[Round "3"]
[White "Fernando, T Upul Sampath"]
[Black "Egodage, Thilina Sampath"]
[Result "0-1"]
[WhiteElo "1358"]
[BlackElo "1804"]
[PlyCount "54"]
[EventDate "2015.05.29"]
[EventType "swiss"]
[EventRounds "9"]
[EventCountry "SRI"]
[SourceTitle "EXT 2016"]
[Source "ChessBase"]
[SourceDate "2015.10.08"]
[SourceVersion "1"]
[SourceVersionDate "2015.10.08"]
[SourceQuality "1"]

1. e4 d5 2. exd5 Nf6 3. d4 Nxd5 4. Nf3 Nc6 5. c3 Bg4 6. Be2 e6 7. Nbd2 Nf4 8. 0-0 Qd5 9. h3 Bh5 10. Bc4 Qf5 11. Qb3 0-0-0 12. Nh2 Bd6 13. Re1 Qg6 14. g3 Nxh3+ 15. Kg2 Nxf2 16. Ndf1 Ng4 17. Bd2 Nxh2 18. Kxh2 Qf5 19. Kg1 Qh3 20. Be2 Bg4 21. Bxg4 Qxg4 22. Kg2 h5 23. Qd1 Qg6 24. Qf3 h4 25. Bf4 Bxf4 26. Qxf4 hxg3 27. Qxg3 Ne7 0-1